00932nam a22003017a 45000010009000000050017000090080041000260100017000670220017000840250020001010300011001210350024001320400053001560420023002090500016002320820014002482100014002622220014002762450015002902600035003053000029003403100029003693210025003983620103004235100034005266500034005606500036005941116118220060826082149.0750823c19549999ii sr 0 a0eng  asa 68017314  a0010-18262z aPL480:I-D-E-904 aCOLOBG a(OCoLC)ocm01564207  aDLCcMnMULSdOCoLCdOCoLCdAIPdNSDPdDLCdOCoLC ansdpalcdapremarc aTP890b.C62 a667/.3/05 aColourage aColourage aColourage. a[Bombay,bColour Publications] av.bill., ports.c29 cm. aSemimonthly,bJan. 1970- aMonthly,b-Dec. 1969 aBegan in 1954.zCf. India (Republic). Office of the Registrar of Newspapers. Press in India, 1969. aChemical abstractsx0009-2258 aDyes and dyeingvPeriodicals. aTextile finishingvPeriodicals.